Villes du monde les plus proches de Francfort - Statistiques

Statistiques générales
  • Ce quiz a été pris 87 fois
  • Le résultat moyen est 18 sur 30
Statistiques - réponses
km city miles % Correct
424 Berlin 263
97%
305 Munich 189
97%
478 Paris 297
96%
318 Bruxelles 197
90%
364 Amsterdam 226
87%
393 Hambourg 244
86%
598 Vienne 372
82%
153 Cologne 95
79%
672 Copenhague 418
79%
638 Londres 397
78%
519 Milan 322
74%
562 Lyon 349
72%
799 Marseille 497
69%
411 Prague 255
69%
305 Zurich 189
67%
403 Lille 251
65%
184 Dortmund-Essen
La Ruhr
114
63%
183 Düsseldorf 114
63%
566 Turin 352
63%
153 Stuttgart 95
62%
357 Rotterdam 222
55%
263 Hanovre 163
46%
326 Anvers 203
41%
416 Leipzig 259
31%
71 Mannheim 44
28%
781 Birmingham 485
24%
719 Southampton 447
4%
751 Nottingham 466
1%
757 Katowice 458
0%
788 Sheffield 489
0%
Aucun quiz correspondant
Distribution des résultats
% des personnes avec chaque résultat
Percentile par nombre de réponses
Votre historique - résultats
Vous n’avez pas pris ce quiz